000 00813cab a2200277 4500
001 ABS54348
008 090401t1995 xxu||||| |||| 00| 0 eng d
035 _a(Sirsi) u9920
041 _aeng
100 _aDavidson, M.
245 4 _aThe English House Condition Survey : past, present and future
260 _c1995
350 _a0
490 _aStructural Survey
_v13(4) 1995, 28-29(2)
520 _aExamines the history of the English House Condition Survey since the first in 1967. References.
650 _aEHCS
650 _aENGLISH HOUSE CONDITION SURVEY
650 _aGENERAL IMPROVEMENT AREAS
650 _aGENERALISED NEEDS INDEX
650 _aHOUSING ACT 1969
650 _aHOUSING ACT 1980
650 _aHOUSING ACTION AREAS
690 _aHOUSING
942 _n0
948 _c04/03/1997
999 _c6239
_d6239